South Eastern Kenya University

Library Online Public Access Catalogue


Petrography of the Trikuta Limestone of the Outer Himalaya of Jammu(J AND K State) India (Record no. 2238)

MARC details
000 -LEADER
fixed length control field 00421nam a22001457a 4500
020 ## - ISBN
International Standard Book Number 8123900457
050 ## - LIBRARY OF CONGRESS CALL NUMBER
Classification Number QE471.15
Item Number .L5 C43 1992
100 ## - MAIN ENTRY--Author
Personal name Chadha .S.K.
245 ## - TITLE
Title Petrography of the Trikuta Limestone of the Outer Himalaya of Jammu(J AND K State) India
260 ## - PUBLICATION, DISTRIBUTION, ETC.(IMPRINT)
Place of publication, distribution, etc New Delhi
Name of publisher, distributor, etc CBS Publishers
Date of publication, distribution, etc 1992
300 ## - PHYSICAL DESCRIPTION
Extent 85p.
500 ## - GENERALNOTE
General note Includes bibliographic references
650 ## - SUBJECT--TOPIC
Topical term following geographic name as entry element Petrography
942 ## - ADDED ENTRY ELEMENTS(KOHA)
Koha item type General circulation
Holdings
Source of classification or shelving scheme Not for loan Location (home branch) Sublocation (holding branch) Date accessioned Cost, normal purchase price Full call number Barcode Cost, replacement price Nonpublic note Koha item type Public note
Library of Congress Classification   Main Campus Library Main Campus Library 28/08/2014 2814.45 QE471.15 .L5 C43 1992 2019/022869 3314.45 BONNIE General circulation BONNIE
Library of Congress Classification   Main Campus Library Main Campus Library 24/09/2020   QE471.15 .L5 C43 1992 2019/022870     General circulation  
Kitui, Kenya.
+254736116989
library@seku.ac.ke